| 000 | 00743nam a22002297a 4500 | ||
|---|---|---|---|
| 999 |
_c178209 _d178209 |
||
| 005 | 20210322145510.0 | ||
| 006 | a|||||f|||| 00| 0 | ||
| 007 | tc | ||
| 008 | 180720b xxu||||| |||| 00| 0 eng d | ||
| 010 | _aBR-003229-BR-003250 | ||
| 020 | _c244.00(per set) | ||
| 035 | _a BR-003229 | ||
| 037 | _bN.I.V.H. | ||
| 082 | _aN | ||
| 100 | _aLudwig,Emil | ||
| 245 |
_aNapoleon _cLudwig,Emil |
||
| 260 |
_aDehradun _bN.I.V.H. _cDehradun |
||
| 270 |
_a116,Rajpur Road, Dehradun,(Uttarakhand) _bDehradun _e248001 |
||
| 300 |
_a4V.,various pages. _c30cm(HB). |
||
| 942 |
_2ddc _cBRLEN _hN _mLUD |
||